Loading...
| Fine Arts - Classical Music | 5 | 16.00 | 100% | 40% | 20% |
| Fine Arts - Other Fine Arts | 7 | 12.86 | 86% | 43% | 0% |
| Fine Arts - Visual Fine Arts | 4 | 17.50 | 100% | 75% | 0% |
| Geography/Current Events | 2 | 15.00 | 100% | 50% | 0% |
| History - American History | 6 | 15.00 | 100% | 50% | 0% |
| History - European History | 2 | 25.00 | 100% | 50% | 100% |
| History - Other History | 4 | 22.50 | 100% | 100% | 25% |
| History - World History | 5 | 24.00 | 100% | 80% | 60% |
| Literature - American Literature | 5 | 12.00 | 100% | 20% | 0% |
| Literature - British Literature | 3 | 16.67 | 100% | 67% | 0% |
| Literature - European Literature | 4 | 12.50 | 100% | 25% | 0% |
| Literature - World/Other Literature | 4 | 15.00 | 100% | 50% | 0% |
| Mythology | 6 | 15.00 | 100% | 33% | 17% |
| Other Academic | 1 | 20.00 | 100% | 0% | 100% |
| Philosophy | 4 | 15.00 | 100% | 50% | 0% |
| Religion | 7 | 11.43 | 86% | 29% | 0% |
| Science - Biology | 3 | 16.67 | 100% | 67% | 0% |
| Science - Chemistry | 4 | 20.00 | 100% | 75% | 25% |
| Science - Other Science | 6 | 10.00 | 100% | 0% | 0% |
| Science - Physics | 5 | 18.00 | 100% | 60% | 20% |
| Social Science | 5 | 10.00 | 80% | 0% | 20% |